|
|
|
|
| LEADER |
00000nam a2200000 a 4500 |
| 001 |
vtls001484719 |
| 003 |
SK-MaSNL |
| 005 |
20260302073728.0 |
| 008 |
171201s2003 gw o g 00000 ger |
| 020 |
|
|
|a 3775713123
|q (viaz.)
|
| 035 |
|
|
|a SNK000440013
|
| 040 |
|
|
|a SNK
|b slo
|c SNK
|e AACR2
|
| 041 |
0 |
|
|a ger
|
| 044 |
|
|
|a gw
|c DE
|
| 072 |
|
7 |
|a 72/76
|x Výtvarné umenie
|2 konspekt
|
| 080 |
|
|
|a 72/76(100)
|2 2001
|
| 080 |
|
|
|a 7.036/.038
|2 2001
|
| 080 |
|
|
|a 72/76:355.01
|2 2001
|
| 080 |
|
|
|a 7.04
|2 2001
|
| 080 |
|
|
|a (100)
|2 2001
|
| 080 |
|
|
|a (048.8)
|2 2001
|
| 245 |
0 |
0 |
|a M_ARS
|b Kunst und Krieg
|c Peter Weibel, Günther Holler-Schuster (Hg.)
|
| 260 |
|
|
|a Ostfildern-Ruit
|b Hatje Cantz
|c 2003
|
| 300 |
|
|
|a 500 s.
|b fotogr. (prevažne fareb.)
|c 28 cm
|
| 650 |
0 |
7 |
|a výtvarné umenie
|2 SNKPH
|9 723
|
| 650 |
0 |
7 |
|a vojna a umenie
|2 SNKPH
|9 89450
|
| 650 |
0 |
7 |
|a umelecké námety
|2 SNKPH
|9 2885
|
| 651 |
|
7 |
|a krajiny sveta
|2 SNKPH
|9 253334
|
| 655 |
|
7 |
|a štúdie
|2 SNKPH
|9 57033
|
| 700 |
1 |
|
|a Weibel, Peter,
|d 1944-
|4 edt
|9 11239
|
| 700 |
1 |
|
|a Holler-Schuster, Günther
|4 edt
|9 738492
|
| 711 |
2 |
|
|a Ausstellung M_ARS - Kunst und Krieg
|d (2003 :
|c Graz, Rakúsko)
|9 738493
|
| 919 |
|
|
|a 3-7757-1312-3
|
| 999 |
|
|
|c 1162084
|d 1164014
|
| 952 |
|
|
|t P60, <04>, [BOOK], {604}, -A-
|a SNK
|b SNK
|y VYP
|7 0
|p 17A0457878
|o snkIB 70834
|i snk2005/2216
|8 2
|g 39.04
|0 0
|1 0
|4 0
|d 2004-11-03
|l 0
|r 2005-01-02 00:00:00
|w 2026-02-24
|